Szczegóły MARC21

Enneady. T. 1-3 /

003 -Nazwa inst., której nr kontr. jest w polu 001 [,]
    • @
    • Nazwa instytucji, której n kontrolny jest w polu 001
    • NUKAT
005 -DATA I CZAS OSTATNIEJ MODYFIKACJI [,]
    • @
    • pole kontrolne
    • 20250710202456.0
020 -Międzynarod. znormalizowany nr książki - ISBN [ , ]
    • a
    • Numer ISBN
    • 8385333053 Find
040 -Instytucja sporządzająca opis [ , ]
    • a
    • Instytucja, która sporządziła opis (NP)
    • OLSZT 003/BT
    • c
    • Instytucja, która sporządziła rekord (NP)
    • OLSZT 003/BT
    • d
    • Instytucja, która zmodyfikowała rekord (P)
    • OLSZT 003/BT
    • d
    • Instytucja, która zmodyfikowała rekord (P)
    • KIEL 010/EAs
    • d
    • Instytucja, która zmodyfikowała rekord (P)
    • GL 001/JK
041 -Język dokumentu [1, ]
    • a
    • Język tekstu (P)
    • polski
    • h
    • Język tekstu oryginalnego i/lub pośredniego (P)
    • grecki, starożytny (do 1453)
942 -Rodzaj dokumentu [ , ]
    • c
    • Rodzaj dokumentu
    • Książka
100 -Hasło główne - nazwa osobowa [0, ]
    • a
    • Nazwa osobowa (NP)
    • Plotinus
    • d
    • Daty biograficzne (NP)
    • (około 204-około 269).
    • 9
    • KHW
    • 49663
240 -Tytuł ujednolicony [1,0]
    • a
    • Tytuł ujednolicony
    • Enneades.
    • n
    • Oznaczenie części
    • 1-3
    • l
    • Język tekstu
    • (pol.)
    • 9
    • KHW
    • 567326
245 -Strefa tytułu i oznaczenia odpowiedzialności [1,0]
    • a
    • Tytuł
    • Enneady. Find
    • n
    • Oznaczenie części (P)
    • T. 1-3 /
    • c
    • Pozostałe elementy strefy tytułu i oznaczenia odpowiedzialności (NP)
    • Plotyn ; przeł. i wstępem poprzedził Adam Krokiewicz.
260 -Strefa adresu wydawniczego [ , ]
    • a
    • Miejsce wydania (P)
    • Warszawa :
    • b
    • Nazwa wydawcy (P)
    • Wydawnictwo Akme,
    • c
    • Data wydania (P)
    • 2000.
300 -Strefa opisu fizycznego [ , ]
    • a
    • Określenie formy książki i/lub objętość (NP)
    • 365, [2] s. ;
    • c
    • Format (NP)
    • 20 cm.
336 -Typ zawartości [ , ]
    • a
    • Termin opisujący typ zawartości
    • Tekst
    • b
    • Kod określający zawartość
    • txt
    • 2
    • Źródło (terminu i kodu)
    • rdacontent
337 -Typ mediów [ , ]
    • a
    • Tryb odtwarzania
    • Bez urządzenia pośredniczącego
    • b
    • Kod typu mediów
    • n
    • 2
    • Źródło (terminu i kodu)
    • rdamedia
338 -Typ/rodzaj nośnika [ , ]
    • a
    • Hasło opisujące typ nośnika
    • Wolumin
    • b
    • Kod typu nośnika
    • nc
    • 2
    • Źródło (terminu i kodu)
    • rdacarrier
490 -Strefa serii i książki wielotomowej - forma nie do wyszukiwania [1, ]
    • a
    • Tytuł (P)
    • Biblioteka Filozofii Klasycznej Find
830 -Hasło dodatkowe serii i opisu książki wielotomowej - tytuł ujednolicony/tytuł [ ,0]
    • a
    • Tytuł ujednolicony/tytuł (NP)
    • Biblioteka Filozofii Klasycznej
    • 9
    • KHW
    • 535912
080 -Uniwersalna Klasyfikacja Dziesiętna [ , ]
    • a
    • Symbol klasyfikacji
    • 141.113
080 -Uniwersalna Klasyfikacja Dziesiętna [ , ]
    • a
    • Symbol klasyfikacji
    • +1(38)(091)"02"Plotinus
600 -Hasło przedmiotowe w formie nazwy osobowej [0,7]
    • a
    • Nazwa osobowa
    • Plotinus
    • d
    • Daty związane z nazwą
    • (około 204-około 269).
    • t
    • Tytuł
    • Enneades
    • 2
    • Źródło terminu
    • kaba
600 -Hasło przedmiotowe w formie nazwy osobowej [0,7]
    • a
    • Nazwa osobowa
    • Plotinus
    • d
    • Daty związane z nazwą
    • (około 204-około 269)
    • x
    • Określnik rzeczowy
    • krytyka i interpretacja.
    • 2
    • Źródło terminu
    • kaba
    • 9
    • KHW
    • 352455
650 -Hasło przedmiotowe [ ,7]
    • a
    • Hasło przedmiotowe
    • Filozofia starożytna.
    • 2
    • Źródło terminu
    • kaba
    • 9
    • KHW
    • 108769
650 -Hasło przedmiotowe [ ,7]
    • a
    • Hasło przedmiotowe
    • Neoplatonizm.
    • 2
    • Źródło terminu
    • kaba
    • 9
    • KHW
    • 121011
650 -Hasło przedmiotowe [ ,7]
    • a
    • Hasło przedmiotowe
    • Filozofia
    • v
    • Określnik formalny
    • dzieła przed 1800.
    • 2
    • Źródło terminu
    • kaba
    • 9
    • KHW
    • 351652
980 -Symbol UKD [ , ]
    • a
    • UKD
    • 141.113+1(38)(091)"02"Plotinus
700 -Hasło dodatkowe - nazwa osobowa [1, ]
    • a
    • Nazwa osobowa (NP)
    • Krokiewicz, Adam Find
    • d
    • Daty biograficzne (NP)
    • (1890-1977).
    • e
    • Określenie rodzaju współpracy
    • Tł.
    • 9
    • KHW
    • 48517
710 -Hasło dodatkowe - nazwa ciała zbiorowego [2, ]
    • a
    • Nazwa ciała zbiorowego lub nazwa geograficzna jako pierwszy element (NP)
    • Wydawnictwo AKME.
    • 4
    • Kod relacji
    • pbl
    • 9
    • KHW
    • 535911
920 -ISBN [ , ]
    • a
    • ISBN
    • 83-85333-05-3 Find
Numer inwentarzowy Sygnatura Status udost. Data inwentaryzacji Lokalizacja
W.203288W.203288-32000-10-20BG
W.203289W.203288-32000-10-20BG
W.203290W.203288-32000-10-20BG
Z.96930Z.9693012000-10-20BG
F.30191 12000-10-20BNS